02014cam a22003854a 450000100090000000300040000900500170001300800410003001000170007101600200008802000280010802000180013603500210015403500240017504000530019904200080025205000160026006000240027608200200030010000170032024501130033725000120045026000610046230000340052350400510055750507290060865000500133765000500138765000250143765000130146265000290147570000200150470000210152485600830154515253229OSt20221005111819.0080408s2009 njua bf 001 0 eng  a 20040074667 a1014709512DNLM a0131512625 (alk. paper) a9780131512627 a(OCoLC)222134898 a(OCoLC)ocn222134898 aDNLM/DLCcLCdNLMdBAKERdYDXCPdBTCTAdC#PdDLC apcc00aRT50.5.H43 10aWY 26.5bH443h 200900a610.73/02852221 aHebda, Toni.10aHandbook of informatics for nurses & health care professionals /cToni Hebda, Patricia Czar, Cynthia Mascara a3rd ed. aUpper Saddle River, N.J.:bPearson Prentice Hall,c2005. axxv, 464 p. :bill. ;c23 cm. aIncludes bibliographical references and index.0 aContents: General computer information: Informatics in the health care professions -- Hardware, software, and the roles of support personnel -- Ensuring the quality of information -- Electronic communication and the internet -- Health care information systems: Health care information systems -- Strategic planning -- Selecting a healthcare information system -- System implementation and maintenance -- Information systems training -- Information security and confidentiality -- System integration -- The electronic health record -- Regulatory and accreditation issues --Contingency planning and disaster recovery -- Specialty applications: Using the computer to support health care education -- Telehealth -- Research --  0aNursing informaticsvHandbooks, manuals, etc. 0aMedical informaticsvHandbooks, manuals, etc.12aMedical Informatics.12aNursing.22aAllied Health Personnel.1 aCzar, Patricia.1 aMascara, Cynthia413Table of contents onlyuhttp://www.loc.gov/catdir/toc/ecip0815/2008016034.html